000 00895cab a2200265 4500
001 ABS46220
008 090401t1992 xxu||||| |||| 00| 0 eng d
035 _a(Sirsi) u57207
041 _aeng
100 _aBolton, A.
245 _aEast lend
260 _c1992
350 _a0
490 _aNew Civil Engineer
_v(989) 9 April 1992, 24(1)
520 _aReviews the first year of the European Bank for Reconstruction and Development: projects it has financed, the type of enterprise it favours and the difficulties in persuading east European bankers to adopt western banking procedures.
650 _aEASTERN EUROPE
650 _aEBRD
650 _aEUROPEAN BANK FOR RECONSTRUCTION AND DEVELOPMENT
650 _aFUNDING
650 _aPROJECT FUNDING
690 _aECONOMIC AND SOCIAL
690 _aPROPERTY-PROPERTY FINANCE AND INVESTMENT
942 _n0
948 _c04/03/1997
999 _c34858
_d34858